000 01070nam1a22002531i 4500
001 rc\4730555
005 20240726060751.0
035 _a(NLR Aleph) 008447379
090 _a9516121
_c9516121
100 _a20130416d1965 |||y0rusy50 ca
101 0 _arus
102 _aRU
105 _a z |||||
200 1 _aКраткий сборник задач по начертательной геометрии
_e[Учеб. пособие для студентов вечернего и заоч. обучения Моск. лесотехн. ин-та]
_fПод ред. Н.Н. Пшеничного. Ч. 1-
_gРСФСР. М-во высш. и сред. спец. образ. Моск. лесотехн. ин-т
205 _a2-е изд., перераб.
210 _aМосква
_cБ. и.
_d1965
215 _d22х30
700 1 _aПоле
_bВ.Е.
_gВсеволод Евгеньевич
701 1 _aКувырдин
_bА.Ф.
702 1 _aПшеничный
_bН.Н.
_4340
801 0 _aRU
_bNLR
_gpsbo
801 1 _aRU
_bELAR
_2rusmarc
852 _aNLR
_j66-8/233-1
942 _cBOOK